Quizzes
Events
Quiz Creation
Community
Videos
Private Events
Remove Ads
Sign In
Join for FREE
Feedback
Dark Mode
Quiz Categories
Sports
Geography
Music
Movies
Television
Just For Fun
Miscellaneous
History
Literature
Language
Science
Gaming
Entertainment
Religion
Holiday
For Kids
Quiz Lab
Recent
Popular Today
Quiz Kudos Today
Editor Picks
Curator Picks
Quizzes by...
Day
Popularity
Type
Ratings
Length
Year
Community
Subscriptions
Recent Discussions
Orange Saloon
Badges
Playlists
Quests
Create
Leaderboards
Showdown
Live 5
Trivia Bingo
Activity
Puzzle Library
Sporcle Events
Private Events
Virtual Trivia
Globe League
Become a Host
Pub Owners
SporcleCon
Opinionation
Our Games
Videos
Blog
Mobile Apps
Partnerships
Remove Ads and Go Orange
Feedback
Sports
Athletes
MLB
NBA
NHL
NFL
Soccer
Sports Teams
WWE
NCAA
Football
Premier League
Basketball
Baseball
Hockey
Golf
Tennis
Cricket
Rugby
Auto Racing
Olympics
World Cup
Sports
Athletes
MLB
NBA
NHL
NFL
Soccer
Sports Teams
WWE
NCAA
Football
Premier League
Basketball
Baseball
Hockey
Golf
Tennis
Cricket
Rugby
Auto Racing
Olympics
World Cup
Random Quiz
Search Sporcle
×
Quiz Lab
Quiz Lab
Sports
Premier League
Type in answers that appear in a list
Type in answers that appear in a list
Classic
Best Score? Go Orange.
Football club names in Russian Stats
Can you name the European football clubs based on their name in Russian?
By
Aurelian147
10m
38 Questions
949 Plays
949 Plays
949 Plays
Comments
Comments
Give Quiz Kudos
Give Quiz Kudos
-
- Ratings
hide this ad
More Info
Forced Order
Answers have to be entered in order
Answers have to be entered in order
Random Order
Randomize order of answers
Randomize order of answers
Replay
Link that replays current quiz
Next Quiz
Link to next quiz in quiz playlist
You Got
0%
They Got
Avg Score
69%
Avg Friend Score
Upgrade to see
Score Distribution
Jump to the score distribution portion of the page
Score
0/38
Timer
10:00
0
Plays Today
In Russian
In English
% Correct
Рома
Roma
90.4%
Барселона
Barcelona
88.2%
Тоттенхэм Хотспур
Tottenham Hotspur
85.6%
Манчестер Юнайтед
Manchester United
84.5%
Манчестер Сити
Manchester City
83.5%
Арсенал
Arsenal
82.8%
Реал Мадрид
Real Madrid
79.2%
ЦСКА Москва
CSKA Moscow
78.9%
Атлетико Мадрид
Atletico Madrid
78.5%
Милан
AC Milan
78.1%
Селтик
Celtic
77.8%
Динамо Киев
Dynamo Kiev
77.4%
Парма
Parma
76.8%
Астон Вилла
Aston Villa
76.3%
Шальке 04
Schalke 04
75.9%
ПСВ
PSV
72.3%
Наполи
Napoli
68.7%
Ноттингем Форест
Nottingham Forest
68.6%
Бава́рия Мюнхен
Bayern Munich
68%
In Russian
In English
% Correct
Интернационале
Internazionale
67.5%
Аякс
Ajax
66.7%
Ливерпуль
Liverpool
66.4%
Боруссия Дортмунд
Borussia Dortmund
66.4%
Пари Сен-
Жермен
Paris Saint-Germain
66.4%
Челси
Chelsea
64.8%
Эвертон
Everton
64.8%
Олимпик Марсель
Olympique Marseille
64.4%
Севилья
Sevilla
64.4%
Галатасарай
Galatasaray
64%
Бенфика
Benfica
63.9%
Андерлехт
Anderlecht
63.4%
Порту
Porto
62.9%
Валенсия
Valencia
61.9%
Фейеноорд
Feyenoord
59.4%
Лацио
Lazio
58.8%
Ювентус
Juventus
58.7%
Рейнджерс
Rangers
57.2%
Гётеборг
IFK Goteborg
50.5%
Quiz Playlist
Details
Report
Send in Message
Add To Playlist
More Info:
Name the football clubs based on their name in Russian.
Classic:
Type in answers that appear in a list
Forced Order:
Answers have to be entered in order
Random Order:
Randomize order of answers
Quiz Source
Last Updated: Mar 3, 2017
Quiz Scoreboard
CHALLENGE
Sign Up to Join the Scoreboard
Show All
Scores
Hide
Comments
May contain spoilers
Recently Published
College Basketball Coaching Resumes
by pancakes188
Sports
9m
Billboard Blitz: Fleetwood Mac
by CooCooCachoo
Music
15s
Presidents Visiting Landmarks
by Hejman
History
7m
More to Explore
Quiz From the Vault
Featured Blog Post
Where Did the Easter Bunny Come From?
hide this ad
You Might Also Like...
Tags
Europe Quiz
Football Quiz
Premier League Quiz
Soccer Quiz
Translation Quiz
Association Football
English
Football Clubs
Russia
UEFA
UEFA Champions' League
Today's Top Quizzes in Sports
Browse Sports
hide this ad
Today's Top Quizzes in Premier League
Browse Premier League
Top Contributed Quizzes in Sports
1
2022 World Cup Stars
2
Les meilleurs buteurs des matchs entre le PSG et l’OM
3
FIFA Club World Cup Champions
4
Les entraîneurs de l'OM et du PSG au 21e siècle
5
Criteria MLB: Left Handed Sluggers
6
AFC Teams Reveal (Wrong Answers Minefield)
7
5-to-1: UK Sports Teams
8
5-to-1: FBS Animal Nicknames
9
2023 MLB Unique Player Accomplishments
10
Name the Premier League winners with different clubs
Explore More
Trending Topics
Kpop
Disney
Marvel
NBA
Harry Potter
Anime
Crossword
NFL
Soccer
Country
Pokémon
WWE
Song
The Office
Puzzle
hide this ad
More By:
Aurelian147
Quiz
Plays
Rating
Category
Featured
Created
European Countries Not Occupied During WWII
281,957
4.31
History
Apr 9, 2011
Premier League Blitz
216,265
4.41
Sports
Feb 25, 2012
100 Greatest Tennis Players
94,793
4.33
Sports
Jul 5, 2012
Missing Word: Steven Spielberg
64,012
4.41
Just For Fun
Apr 3, 2011
Charles Dickens Characters
45,270
4.62
Literature
Apr 4, 2012
Go to Creator's Profile
Score Distribution
Quiz Creator Spotlight
Aurelian147
Follow
Send a Message
Quizzes Created
-
Created Quiz Play Count
-
More By This Creator
Popular Quizzes Today
1
Find the US States - No Outlines Minefield
2
Find the Countries of Europe - No Outlines Minefield
3
The Countries of the World
4
Find the US States
5
Risky Map Clicking: Biggest States A-Z
6
US States
7
Popular People in 1961
8
Movies - When Are They Set?
More Sports Quizzes
Super Bowl Winning Quarterbacks II
Quiz Lab
Trending Quizzes
Risky Map Clicking: Least Populous States A-Z
1-10 Letter G Words
1-10 Letter F Words
Risky Map Clicking: Next State Alphabetically
Risky Map Clicking: Biggest States A-Z
Recently Updated
Leaping Animals
pecheneg
Reality TV Shows (A-Z)
bhenderson79
Rickey Henderson's Hall of Fame Teammates
pecheneg
Champions League XIs: Arsenal
pecheneg
Quick Pick: Celebrities in WWE's Hall of Fame
aduchscher
A-Z Keypad Blitz II
pecheneg
Multiple Oscar Actors
pecheneg
Mystery Phrase Blitz: Oscar 'Best Actors'
pecheneg
F. Scott Fitzgerald Novels
LTH
Pick 3 Villains
ddd62291
Trending Topics
Disney
Anime
Marvel
Crossword
Harry Potter
NBA
Kpop
The Office
Song
NFL
Pokémon
Country
Soccer
WWE
Puzzle
Your Account Isn't Verified!
In order to create a playlist on Sporcle, you need to verify the email address you used during registration. Go to your
Sporcle Settings
to finish the process.
Report this User
Report this user for behavior that violates our
Community Guidelines
.
Details:
Send Report
Go to the Sporcle.com Mobile Site →
Comments